| 000 | 00378 a2200157 4500 | ||
|---|---|---|---|
| 001 | 75075 | ||
| 020 | _a9788576710790 | ||
| 040 | _cAnchieta - Colégio São Paulo | ||
| 100 | _aLeahy, Cyana | ||
| 240 | 1 | 0 |
_aHistória de criança e de futuro _lpor |
| 245 | 1 | 0 | _aHistória de criança e de futuro |
| 300 | _a20 | ||
| 362 | 0 | _a2013 | |
| 650 | 4 | _aLiteratura juvenil | |
| 942 | _cBK | ||
| 999 |
_c75075 _d75075 |
||